00530cam a22001217a 4500008003800000082002900038100006300067245011100130260006200241300001000303500005100313650004400364180718b-- xxu||||| |||| 00| 0 eng d aL906x54 COM/1991-92/No/3 aUnion Government. Comptroller and Auditor General of India aReport of the Comptroller and Auditor General of India, Union Government (Commercial):bAudit observations aNew DelhibComptroller and Auditor General of Indiac1992 a200p. aLibrary has 1991/92-1992/93, 1994/95-1999/2000 aBusiness enterprises - Auditing - India